000 nam a22 7a 4500
999 _c9733
_d9733
008 180207b ||||| |||| 00| 0 eng d
100 _95838
_aKANTHA.S
245 _aKAAL NADAI CANTHAI
260 _aNEW DELHI
_bCBT
_c2007